Fast Typing- BANANA - Statistics

General Stats
  • This quiz has been taken 1,323 times
    1,040 since last reset
  • The average score is 42 of 60
Answer Stats
% Correct
B
100%
A
98%
N
97%
A
96%
A
95%
N
95%
B
90%
A
89%
A
89%
N
89%
N
88%
A
86%
A
85%
B
85%
N
85%
A
84%
N
84%
A
83%
B
82%
A
81%
N
80%
A
79%
N
78%
A
77%
A
74%
A
74%
B
74%
N
74%
N
74%
A
73%
B
71%
A
70%
A
70%
N
70%
N
69%
A
67%
B
63%
A
62%
N
61%
A
60%
N
59%
A
58%
B
57%
A
56%
N
56%
A
55%
N
55%
A
54%
B
52%
A
51%
N
50%
A
48%
N
46%
A
45%
B
42%
A
41%
N
40%
A
39%
A
37%
N
37%
No matching quizzes found
Score Distribution
Percent of People with Each Score
Percentile by Number Answered
Your Score History
You have not taken this quiz since the last reset